| 000 | 00584nam a2200229 a 4500 | ||
|---|---|---|---|
| 003 | AR-BaBNM | ||
| 005 | 20251128203503.0 | ||
| 008 | 082120s2002 ||||||||||||||000 | spa|| | ||
| 040 | _cAR-BaBNM | ||
| 100 | 1 | _aZaragüeta, Juan | |
| 245 | 0 | 0 | _aEl lenguaje y la filosofía |
| 260 |
_aMadrid _bConsejo Superior de Investigaciones científicas _c1945 |
||
| 300 | _a393 p. | ||
| 650 | 4 | _aLOGICA | |
| 650 | 4 | _aETIMOLOGIA | |
| 650 | 4 | _aMETAFISICA | |
| 650 | 4 | _aGRAMATICA | |
| 650 | 4 | _aESTRUCTURA DE LA ORACION | |
| 653 | _aFILOSOFIA DEL LENGUAJE | ||
| 942 | _cBK | ||
| 998 | _cisola | ||
| 999 |
_c3611 _d3611 |
||